| 000 | 01434nam a22003977a 4500 | ||
|---|---|---|---|
| 003 | CHAP | ||
| 005 | 20220329133224.0 | ||
| 008 | 971013s1991 r 10010 d | ||
| 010 | _a3575 | ||
| 011 | _a4547 | ||
| 035 | _a3751 | ||
| 040 | _cCHAP | ||
| 082 |
_a378.1 _bM4 |
||
| 111 | 0 | 0 |
_aMesas Redondas sobre Organos de Gobierno ( _d1990 _c: Chapingo, Méx.) _975120 |
| 245 | _aMemorias | ||
| 260 |
_aChapingo, Méx. : _bUACH, _c1991 |
||
| 300 | _a105 p | ||
| 500 | _aD50-145 | ||
| 590 |
_aBATCH-UPD _b10 _c20130110 _lUCH01 _h0055 |
||
| 590 |
_aBATCH-UPD _b10 _c20130110 _lUCH01 _h1618 |
||
| 590 |
_aBATCH-UPD _b10 _c20130409 _lUCH01 _h2043 |
||
| 590 |
_aBATCH-UPD _b10 _c20130410 _lUCH01 _h1013 |
||
| 590 |
_aBATCH-UPD _b10 _c20130914 _lUCH01 _h1239 |
||
| 590 |
_aCONVERSION _b10 _c20130109 _lUCH01 _h1303 |
||
| 650 | 1 | 4 |
_aEducación agrícola _xCongresos. _935504 |
| 650 | 1 | 4 |
_aUniversidades _xAdministración. _9116596 |
| 650 | 1 | 4 |
_aUniversidades _xMéxico (Edo.) _9116658 |
| 700 | 0 |
_aAlmanza Sanchez, Maria. _94485 |
|
| 901 | _aBK | ||
| 942 | _cLIBRO | ||
| 949 |
_a378.1 M4 _bBC _cCONG _d-73265 _eCONG _fc.4 _h79854 _i3751 _mD _si |
||
| 949 |
_a378.1 M4 _bBC _cLIBRO _d33724000430492 _eLIBRO _h79851 _i3751 _mD _si |
||
| 949 |
_a378.1 M4 _bBC _cLIBRO _d33724000430518 _eLIBRO _fc.2 _h79852 _i3751 _mD _si |
||
| 949 |
_a378.1 M4 _bBC _cLIBRO _d33724000430526 _eLIBRO _fc.3 _h79853 _i3751 _mD _si |
||
| 949 |
_a378.1 M4 _bBC _cUACH _d-73266 _eUACH _fc.5 _h79855 _i3751 _mD _si |
||
| 999 |
_c3575 _d3575 |
||